Т. 1; КПСС. Двадцать восьмой съезд Коммунистической партии Советского Союза

Bibliografiska uppgifter
Parent link:КПСС. Двадцать восьмой съезд Коммунистической партии Советского Союза: 2-13 июля 1990 г./ Коммунистическая партия Советского Союза (КПСС) ; Институт теории и истории социализма ЦК КПСС. Т. 1.— , 1991-.— 5-250-01712-6
Språk:ryska
Publicerad: 1991
Ämnen:
Materialtyp: Bok
KOHA link:https://koha.lib.tpu.ru/cgi-bin/koha/opac-detail.pl?biblionumber=199491

MARC

LEADER 00000nam2a2200000 4500
001 199491
005 20231031184332.0
010 |a 5250017134 
020 |a RU  |b 91-30234 
035 |a (RuTPU)RU\TPU\book\217523 
090 |a 199491 
100 |a 20110810d1991 m z0rusy5003 ca 
101 0 |a rus 
102 |a RU 
105 |a y z 001zy 
200 0 |a Т. 1 
210 |d 1991 
215 |d 21 см  |a 639 с. 
320 |a Имен. указ.: с. 627-635. 
461 1 |0 (RuTPU)RU\TPU\book\213887  |y 5-250-01712-6  |t КПСС. Двадцать восьмой съезд Коммунистической партии Советского Союза  |o 2-13 июля 1990 г.  |o стенографический отчет в 7 т.  |f Коммунистическая партия Советского Союза (КПСС) ; Институт теории и истории социализма ЦК КПСС  |v Т. 1  |d 1991- 
610 1 |a КПСС 
610 1 |a перестройка 
610 1 |a социально-экономическая жизнь 
610 1 |a Россия 
610 1 |a съезды 
686 |a Ф61(2)274  |2 rubbk 
801 0 |a RU  |b RuMRKP  |c 19950417  |g psbo 
801 1 |a RU  |b 63413507  |c 20110810 
801 2 |a RU  |b 63413507  |c 20111202  |g RCR 
942 |c BK